Västerbotten - Tätorter och Småorter - Statistics

General Stats
  • This quiz has been taken 5 times
  • The average score is 90 of 237
Answers on the Map
Answers color-coded by a green-red scale on the quiz's map according to % correct below.
 
Answer Stats
Answer Population (2023, SCB) % Correct
Ammarnäs 110
100%
Åsele 1633
100%
Baggböle 146
100%
Bjurholm 984
100%
Blattnicksele 145
100%
Botsmark 212
100%
Bullmark 313
100%
Burträsk 1616
100%
Bygdeå 479
100%
Dorotea 1208
100%
Ersmark 805 | 1559
100%
Flurkmark 212
100%
Flurkmark västra 76
100%
Fredrika 117
100%
Hemavan 299
100%
Holmön 53
100%
Holmsund 6064
100%
Hörnefors 2547
100%
Innertavle 592
100%
Kåge 2594
100%
Klabböle 57
100%
Lycksele 8580
100%
Malå 2013
100%
Nordmaling 2640
100%
Norrfors 55
100%
Norrmjöle 237
100%
Norsjö 1995
100%
Obbola 2141
100%
Röbäck 2493
100%
Robertsfors 1939
100%
Rundvik 778
100%
Rusksele 221
100%
Sävar 3055
100%
Skellefteå 39146
100%
Skelleftehamn 3302
100%
Sörfors 511
100%
Sörmjöle 309
100%
Sorsele 1092
100%
Stöcke 513
100%
Stöcksjö 598
100%
Storuman 2080
100%
Täfteå 1376
100%
Tärnaby 415
100%
Tavelsjö 484
100%
Vännäs 4585
100%
Vännäsby 1763
100%
Vilhelmina 3245
100%
Vindeln 2505
100%
Yttertavle 78
100%
Bastuträsk 329
75%
Boliden 1614
75%
Brännland 363
75%
Djäkneboda 126
75%
Fällfors 109
75%
Kittelfjäll 64
75%
Norrbyn 59 | 168
75%
Rödåsel 131
75%
Saxnäs 130
75%
Ström 203
75%
Umeå 94243
75%
Adak 83
50%
Åmsele 150
50%
Ånäset 598
50%
Borgafjall 67
50%
Boviken 203
50%
Bureå 2552
50%
Bygdsiljum 291
50%
Byske 1741
50%
Degernäs 211
50%
Djäkneböle 200
50%
Furuögrund 83
50%
Gafsele 58
50%
Granö 174
50%
Gräsmyr 166
50%
Håkmark 88
50%
Hällnäs 231
50%
Hössjö (norra delen) 76
50%
Hössjö (östra delen) 61
50%
Hössjö (västra delen) 114
50%
Jörn 606
50%
Kåddis (västra delen) 84
50%
Kalvträsk 35
50%
Kassjö 254
50%
Klimpfjäll 78
50%
Lövånger 767
50%
Medle 574
50%
Ostvik 546
50%
Överboda 264
50%
Pengfors 67
50%
Ratan 60
50%
Sikeå 83
50%
Sillviken 76
50%
Skravelsjö 208
50%
Slussfors 82
50%
Tvärålund 337
50%
Ursviken 3999
50%
Vännfors 136
50%
Åbyn 88
25%
Agnäs 103
25%
Åkullsjön 156
25%
Ansmark 96
25%
Björksele 77
25%
Bodbyn 170
25%
Bodbysund 74
25%
Brattby 77
25%
Dalkarlså norr 56
25%
Dikanäs 112
25%
Fällforsån 65
25%
Frostkåge 212
25%
Gamla Falmark 133
25%
Gärdsmark 116
25%
Gummark 141
25%
Gunnarn 153
25%
Haddingen 92
25%
Håknäs 119
25%
Hedlunda 227
25%
Hissjön 585
25%
Hökmark 76
25%
Karlsborg 64
25%
Klutmark 233
25%
Kristineberg 157
25%
Kroksjö 57
25%
Lögdeå 547
25%
Myckle 420
25%
Nedre Åbyn 90
25%
Norrlångträsk 55
25%
Norsjövallen 76
25%
Örviken 442
25%
Östra Falmark 111
25%
Östra Spöland 68
25%
Risliden 89
25%
Rödånäs 88
25%
Sjöbotten 90
25%
Skivsjö 77
25%
Södra Bergsbyn och Stackgrönnan 382
25%
Stensele 445
25%
Strömbäck 164
25%
Strycksele 84
25%
Sunnansjö 64
25%
Svedjan 419
25%
Tväråbäck 97
25%
Umgransele 58
25%
Västomån 55
25%
Västra Hjoggböle 68
25%
Västra Spöland 146
25%
Yttersjö 531
25%
Ängersjö 50
0%
Avatrask 78
0%
Barsele 80
0%
Betsele 77
0%
Bjännsjön 125
0%
Bjässviken och Orrholmen 50
0%
Bjurtrask 83
0%
Bodan 52
0%
Boviksbadet 169
0%
Boviksön 96
0%
Brännäset och Boviken 322
0%
Bratten 112
0%
Brattfors 86
0%
Dingnäset 54
0%
Djupviken 131
0%
Drängsmark 346
0%
Fäbodåkern 64
0%
Flarken 111
0%
Frambyn 53
0%
Garnäs 69
0%
Gravmark 80
0%
Gubböle 65
0%
Hjoggbölefors 79
0%
Hjulken 55
0%
Hörneå 50
0%
Innersjö och Mellansvartbäck 83
0%
Kattisavan 60
0%
Kläppen 100
0%
Kusmark 471
0%
Kvarnåsen 68
0%
Långed 61
0%
Långviken 76
0%
Latikberg 51
0%
Lavsjö 54
0%
Leduåhalsen 56
0%
Liden 50
0%
Lövliden 88
0%
Lyckan 51
0%
Lyckebo 86
0%
Malgovik 124
0%
Mångbyn 59
0%
Mickelträsk 63
0%
Mjövattnet 66
0%
Mullsjö 67
0%
Nästansjö 114
0%
Nerbyn 76
0%
Norra Drängsmark 113
0%
Norra Innervik 95
0%
Norra knaften 65
0%
Norrstrand 62
0%
Nyåker 96
0%
Nyhamn 65
0%
Olofsfors 68
0%
Örträsk 101
0%
Överklinten 92
0%
Renström 52
0%
Rentjärn 59
0%
Rökå 60
0%
Sand 186
0%
Sandfors 93
0%
Sikeå hamn och Brännstan 95
0%
Själafjärden (västra delen) 78
0%
Skansholm 77
0%
Skarvsjöby 64
0%
Södra knaften 144
0%
Sörmjöle havsbad (östra delen) 184
0%
Stålberget och Frostkågemarken 59
0%
Stenviken 62
0%
Stöcke bygdegård 51
0%
Storbyn 73
0%
Stor-Hällskär och Rävskär 102
0%
Storkågeträsk 63
0%
Strand 179
0%
Strömfors 129
0%
Svanabyn 84
0%
Svansele 62
0%
Tannsele 56
0%
Tegsnäset 92
0%
Trehörningen 63
0%
Tuppliden 81
0%
Varuträsk 87
0%
Västersidan 68
0%
Västra Ormsjö 51
0%
Vebomark 57
0%
Verkholmen 51
0%
Vitskär 134
0%
Vormsele 51
0%
Ytterbyn 87
0%
Yttre-Långviken 84
0%
No matching quizzes found
Score Distribution
Percent of People with Each Score
Percentile by Number Answered
Your Score History
You have not taken this quiz